| 000 | 01032nam a2200277Ia 4500 | ||
|---|---|---|---|
| 003 | OSt | ||
| 005 | 20221005111139.0 | ||
| 006 | a|||||r|||| 00| 0 | ||
| 007 | ta | ||
| 008 | 221004b |||||||| |||| 00| 0 ben d | ||
| 020 |
_a9788181436832 (hbk) _c325 |
||
| 024 | _a17324 | ||
| 037 |
_b527, 21/03/2015, Vani Prakashan _cTextual |
||
| 040 |
_aCRL _cCRL _bben |
||
| 041 |
_2ben _aben |
||
| 082 | _aO157,3N26,UM, 152P8 | ||
| 100 | _aमहाश्वेता देवी | ||
| 245 | 0 | _aउम्रक़ैद | |
| 246 | _aUmraक़aida | ||
| 260 |
_aनई दिल्ली _bवाणी प्रकाशन भारत _c2008 |
||
| 300 |
_a236पृ0 _ccm. |
||
| 650 | _aबंगाली साहित्य | ||
| 700 | _a गुप्ता, सुशीला, अनु. | ||
| 942 |
_hO157,3N26,UM, 152P8 _cTEXL _2cc |
||
| 999 |
_c1020955 _d1020955 |
||